Tuyển chọn những bài văn hay lớp 11
Đã lưu trong:
| 主要作者: | |
|---|---|
| 格式: | 图书 |
| 语言: | Undetermined |
| 出版: |
Hà Nội
Giáo dục Việt Nam
2012
|
| 主题: | |
| 标签: |
添加标签
没有标签, 成为第一个标记此记录!
|
| Thư viện lưu trữ: | Trung tâm Học liệu Trường Đại học Cần Thơ |
|---|
| LEADER | 00683nam a2200205Ia 4500 | ||
|---|---|---|---|
| 001 | CTU_185089 | ||
| 008 | 210402s9999 xx 000 0 und d | ||
| 020 | |c 30000 | ||
| 082 | |a 807.12 | ||
| 082 | |b Gi106 | ||
| 100 | |a Trương, Thị Giang | ||
| 245 | 0 | |a Tuyển chọn những bài văn hay lớp 11 | |
| 245 | 0 | |c Trương Thị Giang, Nguyễn Thị Quế, Hoàng Văn Quyết | |
| 260 | |a Hà Nội | ||
| 260 | |b Giáo dục Việt Nam | ||
| 260 | |c 2012 | ||
| 650 | |a Literature,Văn học | ||
| 650 | |x Study and teaching (secondary),Dạy và học (Trung học) | ||
| 904 | |i Hải | ||
| 980 | |a Trung tâm Học liệu Trường Đại học Cần Thơ | ||